[Event "Pan American-ch School U11 12th"]
[Site "Callao"]
[Date "2023.10.19"]
[Round "6"]
[White "Soria Fernandez Baca, Jesus Tomas"]
[Black "Yupanqui Zapata, Rodrigo"]
[Result "0-1"]
[WhiteElo "1068"]
[BlackElo "1205"]
[PlyCount "40"]
[EventDate "2023.10.16"]
[EventType "swiss"]
[EventRounds "9"]
[EventCountry "PER"]
[SourceTitle "CB48_2023"]
[SourceDate "2023.11.29"]
[SourceVersion "1"]
[SourceVersionDate "2023.11.29"]
[SourceQuality "1"]

1. d4 Nf6 2. Bf4 e6 3. Nf3 d5 4. e3 Bd6 5. Ne5 c5 6. Nd2 c4 7. c3 0-0 8. Qf3 Qb6 9. Rb1 Nbd7 10. Qg3 Nh5 11. Qh4 Nxf4 12. exf4 f6 13. Nef3 Qc7 14. g3 e5 15. fxe5 fxe5 16. Ng5 Nf6 17. Ne6 Bxe6 18. Nf3 exd4 19. cxd4 Rae8 20. Rd1 Bg4+ 0-1

[Event "Pan American-ch School U11 12th"]
[Site "Callao"]
[Date "2023.10.17"]
[Round "3"]
[White "Flower Nivin, Cesar Antonio Joaqu"]
[Black "Soria Fernandez Baca, Jesus Tomas"]
[Result "1-0"]
[WhiteElo "1148"]
[BlackElo "1068"]
[PlyCount "73"]
[EventDate "2023.10.16"]
[EventType "swiss"]
[EventRounds "9"]
[EventCountry "PER"]
[SourceTitle "CB48_2023"]
[SourceDate "2023.11.29"]
[SourceVersion "1"]
[SourceVersionDate "2023.11.29"]
[SourceQuality "1"]

1. e4 e5 2. Nf3 Nc6 3. d4 exd4 4. Bc4 Nf6 5. e5 d5 6. Bb5 Ne4 7. Nxd4 Bd7 8. Nxc6 bxc6 9. Bd3 Qh4 10. 0-0 Bc5 11. Bxe4 Qxe4 12. Nc3 Qg6 13. Bf4 0-0 14. Rc1 Rab8 15. Na4 Bb6 16. b4 Qe4 17. Qd2 f6 18. Rfe1 Qf5 19. Bg3 Rbe8 20. Nxb6 cxb6 21. Qc3 fxe5 22. Rxe5 Rxe5 23. Qxe5 Qxe5 24. Bxe5 Re8 25. Bd4 Kf7 26. h3 Re4 27. c3 Re2 28. Ra1 Rc2 29. a4 Bf5 30. a5 Rb2 31. axb6 axb6 32. Ra7+ Kf8 33. Rxg7 c5 34. bxc5 bxc5 35. Rg5 cxd4 36. Rxf5+ Kg7 37. cxd4 1-0

[Event "PER-ch"]
[Site "Lima"]
[Date "2023.09.03"]
[Round "8"]
[White "Soria Fernandez Baca, Jesus Tomas"]
[Black "Benavides Conza, Diego Angelo"]
[Result "0-1"]
[WhiteElo "1056"]
[BlackElo "1559"]
[PlyCount "57"]
[EventDate "2023.08.29"]
[EventType "swiss"]
[EventRounds "9"]
[EventCountry "PER"]
[SourceTitle "EXT 2024"]
[Source "ChessBase"]
[SourceDate "2023.10.10"]
[SourceVersion "1"]
[SourceVersionDate "2023.10.10"]
[SourceQuality "1"]

1. d4 Nf6 2. Bf4 d5 3. e3 c5 4. c3 Nc6 5. Bd3 Qb6 6. Qb3 c4 7. Qxb6 axb6 8. Bc2 g6 9. Nd2 Bf5 10. Bxf5 gxf5 11. Ngf3 b5 12. Ne5 Nd7 13. Ndf3 Ndxe5 14. Nxe5 Nxe5 15. Bxe5 f6 16. Bf4 e6 17. h3 b4 18. Ke2 Kd7 19. g4 fxg4 20. hxg4 bxc3 21. bxc3 Ra3 22. Rhc1 h5 23. gxh5 Rxh5 24. Rc2 e5 25. dxe5 fxe5 26. Bg3 e4 27. Rb1 Kc6 28. Rcb2 b5 29. Rxb5 0-1

[Event "PER-ch"]
[Site "Lima"]
[Date "2023.09.02"]
[Round "6"]
[White "Soria Fernandez Baca, Jesus Tomas"]
[Black "Acuna Alarcon, Claudia Micaela"]
[Result "0-1"]
[WhiteElo "1056"]
[BlackElo "1538"]
[PlyCount "110"]
[EventDate "2023.08.29"]
[EventType "swiss"]
[EventRounds "9"]
[EventCountry "PER"]
[SourceTitle "EXT 2024"]
[Source "ChessBase"]
[SourceDate "2023.10.10"]
[SourceVersion "1"]
[SourceVersionDate "2023.10.10"]
[SourceQuality "1"]

1. d4 d5 2. Bf4 Nf6 3. e3 e6 4. Nf3 Be7 5. Bd3 Nbd7 6. Nbd2 b6 7. 0-0 0-0 8. c4 Bb7 9. Rc1 c5 10. dxc5 Nxc5 11. Bb1 dxc4 12. Nxc4 Qxd1 13. Rfxd1 Nd5 14. Bd6 Bxd6 15. Nxd6 Ba6 16. Ne4 Nd7 17. Bd3 Bxd3 18. Rxd3 Rfc8 19. Rcd1 Rc2 20. R3d2 Rac8 21. Nc3 Rxd2 22. Rxd2 Nxc3 23. bxc3 Rxc3 24. h3 Nf8 25. Nd4 a6 26. Kf1 h6 27. Ke2 Ng6 28. Rb2 b5 29. Kd2 Rc7 30. Rc2 Rd7 31. Kc3 Ne5 32. Kb4 Nc4 33. Nc6 Rd1 34. Na5 Rb1+ 35. Nb3 a5+ 36. Kc3 Na3 37. Rb2 b4+ 38. Kd3 Rxb2 39. Nxa5 Rxa2 40. Nb3 Rxf2 41. g4 Rb2 42. Nd2 Nb5 43. Nc4 Rb3+ 44. Kd2 Rc3 45. Nb2 b3 46. Na4 Rc2+ 47. Kd1 Nc3+ 48. Nxc3 Rxc3 49. h4 b2 50. Kd2 Rc1 51. g5 b1Q 52. Ke2 Qc2+ 53. Kf3 Rf1+ 54. Kg4 h5+ 55. Kh3 Rf3# 0-1

[Event "PER-ch"]
[Site "Lima"]
[Date "2023.08.29"]
[Round "1"]
[White "Cardenas Huachaca, Alessandro Jair"]
[Black "Soria Fernandez Baca, Jesus Tomas"]
[Result "1-0"]
[WhiteElo "1337"]
[BlackElo "1056"]
[PlyCount "97"]
[EventDate "2023.08.29"]
[EventType "swiss"]
[EventRounds "9"]
[EventCountry "PER"]
[SourceTitle "EXT 2024"]
[Source "ChessBase"]
[SourceDate "2023.10.10"]
[SourceVersion "1"]
[SourceVersionDate "2023.10.10"]
[SourceQuality "1"]

1. d4 d5 2. Nf3 Nf6 3. c4 e6 4. Nc3 c5 5. cxd5 exd5 6. Bg5 cxd4 7. Qxd4 Nc6 8. Bxf6 Nxd4 9. Bxd8 Nc2+ 10. Kd2 Nxa1 11. Bg5 f6 12. Bf4 Bf5 13. Nd4 Bg6 14. e3 Bb4 15. Bb5+ Kf7 16. Rxa1 a6 17. Bd7 Rhd8 18. Be6+ Ke7 19. Bc7 Bxc3+ 20. bxc3 Rf8 21. Bxd5 Rac8 22. Ba5 Rfe8 23. Bb4+ Kd8 24. Bxb7 Rb8 25. Bxa6 Ra8 26. Bb5 Rh8 27. a4 Be4 28. f3 Bd5 29. c4 Bb7 30. a5 Ba6 31. Kc3 Bxb5 32. cxb5 Kd7 33. Bc5 g5 34. Kb4 f5 35. Nxf5 g4 36. f4 g3 37. Nxg3 Rhg8 38. Ra2 h5 39. Nxh5 Kc7 40. Nf6 Kb7 41. Nxg8 Rxg8 42. g3 Ka8 43. b6 Re8 44. Kb5 Re6 45. Rd2 Re8 46. Rd7 Rc8 47. b7+ Kb8 48. Ba7+ Kxa7 49. bxc8Q# 1-0